| 000 | 01331nam a2200313 i 4500 | ||
|---|---|---|---|
| 001 | 000023850 | ||
| 003 | DO-SdBNP | ||
| 005 | 20250307100003.0 | ||
| 007 | ta | ||
| 008 | 110114s1998 dr 000 0 spa d | ||
| 040 |
_aDO-SdBNP _bspa _cBNPHU |
||
| 082 | 4 |
_a304.6 _bC748i 1994 |
|
| 111 | 2 |
_aConferencia Internacional sobre Población y Desarrollo _d(1994 : _cCairo) _949063 |
|
| 245 | 1 | 0 | _aInforme de la Conferencia Internacional sobre Población y Desarrollo : Cairo, 9al 13 de septiembre del 1994) |
| 250 | _aSegunda edición | ||
| 264 | 1 |
_aSanto Domingo : _bOficina de Seguimiento de las Cumbres Mundiales ; _bAsociación Dominicana Pro Bienestar de la Familia, _c1998. |
|
| 300 |
_a254 páginas ; _c24 cm. |
||
| 336 |
_ardaconten _btexto _2txt |
||
| 337 |
_ardamedia _bsin mediación _2n |
||
| 338 |
_avolumen _bnc _2rdacarrier |
||
| 500 | _aIncluye notas al pie de las páginas | ||
| 650 | 7 |
_aPoblación _vCongresos, conferencias, etc _2LEMB _986641 |
|
| 650 | 7 |
_aPoblación _xAspectos económicos _zCongresos, conferencias, etc. _986642 |
|
| 650 | 7 |
_aPolítica de población _2LEMB _985586 |
|
| 710 | 2 |
_aAsociación Dominicana Pro Bienestar de la Familia _956602 |
|
| 710 |
_aFondo de Naciones Unidas para Actividades en Materia de Población _986114 |
||
| 910 | _aValidado. Control de calidad MFF | ||
| 942 |
_2ddc _cLBS1 |
||
| 999 |
_c23346 _d23346 |
||